[Event "DEM U14w 2025"]
[Site "Willingen GER"]
[Date "2025.06.08"]
[Round "1"]
[White "Albrecht, Sidney Jenna"]
[Black "Fruth, Julia"]
[Result "1-0"]
[Termination "normal"]
[Board "11"]
[WhiteElo "1504"]
[BlackElo "1659"]
[WhiteClock "00:46:04"]
[BlackClock "00:32:15"]
[PlyCount "111"]
[WhiteFideId "34660283"]
[BlackFideId "34603050"]
[EventCountry "GER"]
[EventRounds "9"]
[EventType "swiss"]
[EventDate "2025.06.07"]

1. c4 {[%clk 01:30:59]} Nf6 {[%clk 01:30:50]} {[%emt 00:00:11]} 2. Nf3 {[%clk
01:31:19]} {[%emt 00:00:10]} g6 {[%clk 01:31:09]} {[%emt 00:00:12]} 3. g3
{[%clk 01:31:41]} {[%emt 00:00:07]} Bg7 {[%clk 01:31:26]} {[%emt 00:00:12]} 4.
d4 {[%clk 01:31:58]} {[%emt 00:00:14]} O-O {[%clk 01:31:04]} {[%emt 00:00:52]}
5. Bg2 {[%clk 01:32:17]} {[%emt 00:00:10]} d6 {[%clk 01:30:15]} {[%emt
00:01:19]} 6. Nc3 {[%clk 01:32:11]} {[%emt 00:00:37]} Na6 {[%clk 01:27:05]}
{[%emt 00:03:40]} 7. O-O {[%clk 01:30:03]} {[%emt 00:02:38]} Re8 {[%clk
01:23:56]} {[%emt 00:03:39]} 8. h3 {[%clk 01:27:52]} {[%emt 00:02:41]} c6
{[%clk 01:19:58]} {[%emt 00:04:29]} 9. e4 {[%clk 01:22:26]} {[%emt 00:05:56]}
e5 {[%clk 01:08:02]} {[%emt 00:12:25]} 10. Be3 {[%clk 01:17:50]} {[%emt
00:05:06]} exd4 {[%clk 01:05:54]} {[%emt 00:02:38]} 11. Nxd4 {[%clk 01:17:00]}
{[%emt 00:01:21]} Nc5 {[%clk 01:05:45]} {[%emt 00:00:38]} 12. f3 {[%clk
01:10:21]} {[%emt 00:07:09]} Qe7 {[%clk 00:48:51]} {[%emt 00:17:23]} 13. Re1
{[%clk 01:05:32]} {[%emt 00:05:21]} Ne6 {[%clk 00:45:03]} {[%emt 00:04:18]} 14.
Nxe6 {[%clk 01:01:54]} {[%emt 00:04:08]} Bxe6 {[%clk 00:45:24]} {[%emt
00:00:08]} 15. Qd3 {[%clk 00:58:32]} {[%emt 00:03:52]} Rad8 {[%clk 00:44:40]}
{[%emt 00:01:14]} 16. f4 {[%clk 00:51:25]} {[%emt 00:07:38]} Qd7 {[%clk
00:36:15]} {[%emt 00:08:54]} 17. Kh2 {[%clk 00:48:43]} {[%emt 00:03:12]} d5
{[%clk 00:34:27]} {[%emt 00:02:18]} 18. cxd5 {[%clk 00:43:06]} {[%emt
00:06:07]} cxd5 {[%clk 00:33:17]} {[%emt 00:01:40]} 19. Bxa7 {[%clk 00:40:59]}
{[%emt 00:02:37]} dxe4 {[%clk 00:32:09]} {[%emt 00:01:38]} 20. Qxd7 {[%clk
00:40:38]} {[%emt 00:00:51]} Bxd7 {[%clk 00:31:59]} {[%emt 00:00:40]} 21. Nxe4
{[%clk 00:37:41]} {[%emt 00:03:27]} Nxe4 {[%clk 00:31:02]} {[%emt 00:01:26]}
22. Rxe4 {[%clk 00:36:52]} {[%emt 00:01:20]} Bxb2 {[%clk 00:27:23]} {[%emt
00:04:09]} 23. Rb1 {[%clk 00:35:07]} {[%emt 00:02:15]} Rxe4 {[%clk 00:23:36]}
{[%emt 00:04:16]} 24. Bxe4 {[%clk 00:35:10]} {[%emt 00:00:28]} Re8 {[%clk
00:21:51]} {[%emt 00:02:14]} 25. Bf3 {[%clk 00:32:36]} {[%emt 00:03:05]} Ra8
{[%clk 00:19:10]} {[%emt 00:03:10]} 26. Rxb2 {[%clk 00:30:43]} {[%emt
00:02:24]} Rxa7 {[%clk 00:19:23]} {[%emt 00:00:17]} 27. Bd5 {[%clk 00:27:26]}
{[%emt 00:03:46]} Ra5 {[%clk 00:17:08]} {[%emt 00:02:46]} 28. Bc4 {[%clk
00:24:15]} {[%emt 00:03:41]} Bc6 {[%clk 00:13:44]} {[%emt 00:03:54]} 29. Kg1
{[%clk 00:21:26]} {[%emt 00:03:20]} Rc5 {[%clk 00:12:16]} {[%emt 00:01:57]} 30.
Rb4 {[%clk 00:18:06]} {[%emt 00:03:51]} b5 {[%clk 00:09:39]} {[%emt 00:03:06]}
31. Bb3 {[%clk 00:17:16]} {[%emt 00:01:21]} Rc1+ {[%clk 00:08:01]} {[%emt
00:02:06]} 32. Kf2 {[%clk 00:17:25]} {[%emt 00:00:22]} Rb1 {[%clk 00:07:17]}
{[%emt 00:01:14]} 33. Bxf7+ {[%clk 00:17:13]} {[%emt 00:00:43]} Kxf7 {[%clk
00:07:36]} {[%emt 00:00:10]} 34. Rxb1 {[%clk 00:17:35]} {[%emt 00:00:09]} h5
{[%clk 00:07:16]} {[%emt 00:00:49]} 35. Rc1 {[%clk 00:17:10]} {[%emt 00:00:56]}
Bd5 {[%clk 00:07:29]} {[%emt 00:00:17]} 36. Rc5 {[%clk 00:16:49]} {[%emt
00:00:50]} Bxa2 {[%clk 00:07:15]} {[%emt 00:00:44]} 37. Rxb5 {[%clk 00:16:55]}
{[%emt 00:00:25]} Be6 {[%clk 00:06:39]} {[%emt 00:01:04]} 38. h4 {[%clk
00:16:22]} {[%emt 00:01:04]} Bg4 {[%clk 00:05:35]} {[%emt 00:01:34]} 39. Rb6
{[%clk 00:15:47]} {[%emt 00:01:06]} Bf5 {[%clk 00:05:07]} {[%emt 00:00:56]} 40.
Kf3 {[%clk 00:12:27]} {[%emt 00:03:52]} Ke7 {[%clk 00:02:43]} {[%emt 00:02:51]}
41. Ke3 {[%clk 00:12:02]} {[%emt 00:00:57]} Kd7 {[%clk 00:02:13]} {[%emt
00:00:59]} 42. Kd4 {[%clk 00:12:04]} {[%emt 00:00:30]} Ke7 {[%clk 00:01:47]}
{[%emt 00:00:55]} 43. Ke5 {[%clk 00:12:12]} {[%emt 00:00:23]} Bc2 {[%clk
00:00:33]} {[%emt 00:01:44]} 44. Rb7+ {[%clk 00:12:07]} {[%emt 00:00:35]} Kf8
{[%clk 00:30:23]} {[%emt 00:00:39]} 45. Kf6 {[%clk 00:42:21]} {[%emt 00:00:17]}
Kg8 {[%clk 00:29:53]} {[%emt 00:01:00]} 46. Rg7+ {[%clk 00:42:30]} {[%emt
00:00:20]} Kh8 {[%clk 00:30:10]} {[%emt 00:00:13]} 47. Rxg6 {[%clk 00:42:49]}
{[%emt 00:00:11]} Bxg6 {[%clk 00:29:49]} {[%emt 00:00:51]} 48. Kxg6 {[%clk
00:43:12]} {[%emt 00:00:07]} Kg8 {[%clk 00:30:13]} {[%emt 00:00:07]} 49. Kxh5
{[%clk 00:43:34]} {[%emt 00:00:06]} Kg7 {[%clk 00:30:37]} {[%emt 00:00:08]} 50.
g4 {[%clk 00:43:54]} {[%emt 00:00:10]} Kh7 {[%clk 00:30:55]} {[%emt 00:00:11]}
51. g5 {[%clk 00:44:13]} {[%emt 00:00:10]} Kg7 {[%clk 00:31:05]} {[%emt
00:00:21]} 52. g6 {[%clk 00:44:30]} {[%emt 00:00:13]} Kg8 {[%clk 00:31:19]}
{[%emt 00:00:15]} 53. Kh6 {[%clk 00:44:50]} {[%emt 00:00:11]} Kh8 {[%clk
00:31:29]} {[%emt 00:00:21]} 54. g7+ {[%clk 00:45:15]} {[%emt 00:00:05]} Kg8
{[%clk 00:31:54]} {[%emt 00:00:05]} 55. f5 {[%clk 00:45:39]} {[%emt 00:00:06]}
Kf7 {[%clk 00:32:15]} {[%emt 00:00:09]} 56. Kh7 {[%clk 00:46:04]} {[%emt
00:00:06]} 1-0

[Event "DEM U14w 2025"]
[Site "Willingen GER"]
[Date "2025.06.08"]
[Round "1"]
[White "Richter, Anastasia"]
[Black "Shakhimardanova, Nigina"]
[Result "1-0"]
[Termination "normal"]
[Board "12"]
[WhiteElo "1753"]
[BlackElo "1534"]
[WhiteClock "00:29:06"]
[BlackClock "01:04:31"]
[PlyCount "49"]
[WhiteFideId "34659099"]
[BlackFideId "34648437"]
[EventCountry "GER"]
[EventRounds "9"]
[EventType "swiss"]
[EventDate "2025.06.07"]

1. e4 {[%clk 01:30:59]} e5 {[%clk 01:30:55]} {[%emt 00:00:06]} 2. Nf3 {[%clk
01:31:25]} {[%emt 00:00:03]} Nf6 {[%clk 01:31:22]} {[%emt 00:00:03]} 3. Nxe5
{[%clk 01:31:49]} {[%emt 00:00:07]} d6 {[%clk 01:31:47]} {[%emt 00:00:04]} 4.
Nf3 {[%clk 01:32:08]} {[%emt 00:00:11]} Nxe4 {[%clk 01:32:09]} {[%emt
00:00:08]} 5. Nc3 {[%clk 01:32:24]} {[%emt 00:00:14]} Nf6 {[%clk 01:32:35]}
{[%emt 00:00:04]} 6. d4 {[%clk 01:31:24]} {[%emt 00:01:29]} d5 {[%clk
01:32:55]} {[%emt 00:00:11]} 7. Be3 {[%clk 01:30:10]} {[%emt 00:01:43]} Bb4
{[%clk 01:32:58]} {[%emt 00:00:28]} 8. Bd3 {[%clk 01:25:10]} {[%emt 00:05:30]}
O-O {[%clk 01:32:26]} {[%emt 00:01:01]} 9. Qd2 {[%clk 01:16:39]} {[%emt
00:09:02]} b6 {[%clk 01:31:36]} {[%emt 00:01:20]} 10. a3 {[%clk 01:02:32]}
{[%emt 00:14:38]} Bd6 {[%clk 01:30:26]} {[%emt 00:01:38]} 11. O-O-O {[%clk
00:59:31]} {[%emt 00:03:32]} c5 {[%clk 01:30:09]} {[%emt 00:00:47]} 12. dxc5
{[%clk 00:52:05]} {[%emt 00:07:56]} bxc5 {[%clk 01:30:17]} {[%emt 00:00:22]}
13. Nxd5 {[%clk 00:48:28]} {[%emt 00:04:07]} g6 {[%clk 01:07:27]} {[%emt
00:23:19]} 14. Nxf6+ {[%clk 00:44:01]} {[%emt 00:04:58]} Qxf6 {[%clk 01:07:42]}
{[%emt 00:00:15]} 15. Be4 {[%clk 00:43:30]} {[%emt 00:00:59]} Be7 {[%clk
01:05:15]} {[%emt 00:02:58]} 16. Bxa8 {[%clk 00:41:23]} {[%emt 00:02:37]} c4
{[%clk 01:05:36]} {[%emt 00:00:09]} 17. Bg5 {[%clk 00:38:24]} {[%emt 00:03:30]}
c3 {[%clk 01:04:55]} {[%emt 00:01:11]} 18. Qxc3 {[%clk 00:34:43]} {[%emt
00:04:11]} Qxc3 {[%clk 01:05:18]} {[%emt 00:00:07]} 19. bxc3 {[%clk 00:35:09]}
{[%emt 00:00:04]} Bxa3+ {[%clk 01:05:40]} {[%emt 00:00:07]} 20. Kb1 {[%clk
00:33:39]} {[%emt 00:01:59]} Be6 {[%clk 01:06:03]} {[%emt 00:00:08]} 21. Rd8
{[%clk 00:33:15]} {[%emt 00:00:48]} Nd7 {[%clk 01:05:39]} {[%emt 00:01:01]} 22.
Rxf8+ {[%clk 00:32:21]} {[%emt 00:01:24]} Kxf8 {[%clk 01:05:33]} {[%emt
00:00:36]} 23. Nd4 {[%clk 00:30:14]} {[%emt 00:02:35]} Bc4 {[%clk 01:05:03]}
{[%emt 00:01:02]} 24. Re1 {[%clk 00:29:06]} {[%emt 00:01:35]} Nb6 {[%clk
01:04:31]} {[%emt 00:01:04]} 25. Bh6+ {[%emt 00:01:28]} 1-0

[Event "DEM U14w 2025"]
[Site "Willingen GER"]
[Date "2025.06.08"]
[Round "1"]
[White "Börner, Emma Charlotte"]
[Black "Eitel, Liz"]
[Result "0-1"]
[Termination "normal"]
[Board "13"]
[WhiteElo "1655"]
[BlackElo "1736"]
[WhiteClock "00:01:00"]
[BlackClock "00:40:46"]
[PlyCount "86"]
[WhiteFideId "34637907"]
[BlackFideId "34622195"]
[EventCountry "GER"]
[EventRounds "9"]
[EventType "swiss"]
[EventDate "2025.06.07"]

1. e4 {[%clk 01:30:58]} {[%emt 00:00:01]} e5 {[%clk 01:30:57]} {[%emt
00:00:04]} 2. Nf3 {[%clk 01:31:21]} {[%emt 00:00:06]} Nc6 {[%clk 01:31:24]}
{[%emt 00:00:04]} 3. Bc4 {[%clk 01:31:43]} {[%emt 00:00:08]} Bc5 {[%clk
01:31:49]} {[%emt 00:00:05]} 4. d3 {[%clk 01:31:36]} {[%emt 00:00:37]} Nf6
{[%clk 01:31:24]} {[%emt 00:00:55]} 5. c3 {[%clk 01:31:05]} {[%emt 00:01:01]}
d6 {[%clk 01:30:55]} {[%emt 00:00:59]} 6. Nbd2 {[%clk 01:30:15]} {[%emt
00:01:20]} O-O {[%clk 01:30:13]} {[%emt 00:01:12]} 7. b4 {[%clk 01:27:23]}
{[%emt 00:03:22]} Bb6 {[%clk 01:29:57]} {[%emt 00:00:46]} 8. a4 {[%clk
01:23:29]} {[%emt 00:04:24]} a5 {[%clk 01:28:23]} {[%emt 00:02:03]} 9. b5
{[%clk 01:19:26]} {[%emt 00:04:33]} Ne7 {[%clk 01:27:25]} {[%emt 00:01:28]} 10.
O-O {[%clk 01:09:24]} {[%emt 00:10:31]} Be6 {[%clk 01:26:30]} {[%emt 00:01:26]}
11. Bxe6 {[%clk 01:07:38]} {[%emt 00:02:16]} fxe6 {[%clk 01:26:47]} {[%emt
00:00:13]} 12. Ng5 {[%clk 01:02:28]} {[%emt 00:05:41]} Qd7 {[%clk 01:23:28]}
{[%emt 00:03:49]} 13. Qb3 {[%clk 00:58:50]} {[%emt 00:04:07]} d5 {[%clk
01:20:58]} {[%emt 00:03:01]} 14. Ba3 {[%clk 00:50:36]} {[%emt 00:08:44]} Rfe8
{[%clk 01:16:51]} {[%emt 00:04:36]} 15. c4 {[%clk 00:42:23]} {[%emt 00:08:42]}
h6 {[%clk 01:14:00]} {[%emt 00:03:23]} 16. Ngf3 {[%clk 00:40:45]} {[%emt
00:02:07]} Ng6 {[%clk 01:13:58]} {[%emt 00:00:32]} 17. c5 {[%clk 00:38:22]}
{[%emt 00:02:53]} Ba7 {[%clk 01:09:13]} {[%emt 00:05:15]} 18. Rac1 {[%clk
00:32:00]} {[%emt 00:06:52]} Rad8 {[%clk 01:03:24]} {[%emt 00:06:19]} 19. c6
{[%clk 00:30:18]} {[%emt 00:02:11]} bxc6 {[%clk 01:03:08]} {[%emt 00:00:47]}
20. bxc6 {[%clk 00:30:23]} {[%emt 00:00:25]} Qf7 {[%clk 01:03:06]} {[%emt
00:00:32]} 21. Bb2 {[%clk 00:25:33]} {[%emt 00:05:20]} dxe4 {[%clk 00:56:21]}
{[%emt 00:07:16]} 22. Nxe4 {[%clk 00:21:01]} {[%emt 00:05:00]} Nxe4 {[%clk
00:55:44]} {[%emt 00:01:48]} 23. dxe4 {[%clk 00:21:29]} {[%emt 00:00:22]} Bd4
{[%clk 00:54:59]} {[%emt 00:01:15]} 24. Nxd4 {[%clk 00:18:44]} {[%emt
00:03:15]} exd4 {[%clk 00:55:14]} {[%emt 00:00:16]} 25. Rfd1 {[%clk 00:15:23]}
{[%emt 00:03:50]} Rb8 {[%clk 00:54:07]} {[%emt 00:01:37]} 26. Qa2 {[%clk
00:14:51]} {[%emt 00:01:02]} e5 {[%clk 00:53:35]} {[%emt 00:01:03]} 27. Qxf7+
{[%clk 00:12:53]} {[%emt 00:02:27]} Kxf7 {[%clk 00:53:44]} {[%emt 00:00:21]}
28. Rd2 {[%clk 00:12:40]} {[%emt 00:00:43]} Rb6 {[%clk 00:52:05]} {[%emt
00:02:09]} 29. Ba3 {[%clk 00:11:33]} {[%emt 00:01:38]} Nf4 {[%clk 00:48:18]}
{[%emt 00:04:16]} 30. g3 {[%clk 00:09:17]} {[%emt 00:02:46]} Ne6 {[%clk
00:48:29]} {[%emt 00:00:19]} 31. f4 {[%clk 00:06:18]} {[%emt 00:03:29]} exf4
{[%clk 00:48:39]} {[%emt 00:00:20]} 32. gxf4 {[%clk 00:06:24]} {[%emt
00:00:24]} Nxf4 {[%clk 00:48:24]} {[%emt 00:00:46]} 33. Rf1 {[%clk 00:04:55]}
{[%emt 00:01:58]} Rxe4 {[%clk 00:45:22]} {[%emt 00:03:33]} 34. Bc5 {[%clk
00:04:33]} {[%emt 00:00:51]} Rxc6 {[%clk 00:45:05]} {[%emt 00:00:48]} 35. Bxd4
{[%clk 00:04:20]} {[%emt 00:00:43]} g5 {[%clk 00:44:09]} {[%emt 00:01:25]} 36.
Bb2 {[%clk 00:03:30]} {[%emt 00:01:19]} Kg6 {[%clk 00:43:32]} {[%emt 00:01:08]}
37. Rd7 {[%clk 00:03:19]} {[%emt 00:00:40]} Re2 {[%clk 00:40:47]} {[%emt
00:03:15]} 38. Rg7+ {[%clk 00:02:07]} {[%emt 00:01:43]} Kh5 {[%clk 00:41:02]}
{[%emt 00:00:15]} 39. Ba1 {[%clk 00:01:09]} {[%emt 00:01:28]} Nh3+ {[%clk
00:40:56]} {[%emt 00:00:36]} 40. Kh1 {[%clk 00:01:27]} {[%emt 00:00:11]} Rcc2
{[%clk 00:41:11]} {[%emt 00:00:16]} 41. Be5 {[%clk 00:00:58]} {[%emt 00:00:59]}
Rxe5 {[%clk 00:41:10]} {[%emt 00:00:30]} 42. Rf3 {[%clk 00:01:07]} {[%emt
00:00:21]} Re1+ {[%clk 00:40:46]} {[%emt 00:00:55]} 43. Rf1 {[%clk 00:01:00]}
{[%emt 00:00:04]} Rxf1# {[%emt 00:01:42]} 0-1

[Event "DEM U14w 2025"]
[Site "Willingen GER"]
[Date "2025.06.08"]
[Round "1"]
[White "Rössling, Laura Marie"]
[Black "Liu, Yuelin"]
[Result "1-0"]
[Termination "normal"]
[Board "14"]
[WhiteElo "1760"]
[BlackElo "972"]
[WhiteClock "00:10:53"]
[BlackClock "00:30:41"]
[PlyCount "157"]
[WhiteFideId "16289471"]
[BlackFideId "533035970"]
[EventCountry "GER"]
[EventRounds "9"]
[EventType "swiss"]
[EventDate "2025.06.07"]

1. e4 {[%clk 01:30:56]} {[%emt 00:00:03]} c5 {[%clk 01:30:51]} {[%emt
00:00:09]} 2. Nf3 {[%clk 01:31:12]} {[%emt 00:00:14]} e6 {[%clk 01:30:57]}
{[%emt 00:00:24]} 3. d4 {[%clk 01:31:22]} {[%emt 00:00:20]} cxd4 {[%clk
01:30:40]} {[%emt 00:00:48]} 4. Nxd4 {[%clk 01:31:46]} {[%emt 00:00:06]} e5
{[%clk 01:29:32]} {[%emt 00:01:38]} 5. Nb5 {[%clk 01:27:42]} {[%emt 00:04:33]}
Nf6 {[%clk 01:26:49]} {[%emt 00:03:13]} 6. N1c3 {[%clk 01:24:14]} {[%emt
00:03:58]} Bb4 {[%clk 01:20:15]} {[%emt 00:07:04]} 7. a3 {[%clk 01:22:18]}
{[%emt 00:02:27]} Bxc3+ {[%clk 01:19:00]} {[%emt 00:01:44]} 8. Nxc3 {[%clk
01:22:34]} {[%emt 00:00:14]} O-O {[%clk 01:18:38]} {[%emt 00:00:52]} 9. Bc4
{[%clk 01:18:21]} {[%emt 00:04:43]} b6 {[%clk 01:17:41]} {[%emt 00:01:28]} 10.
Bg5 {[%clk 01:17:32]} {[%emt 00:01:18]} Bb7 {[%clk 01:16:18]} {[%emt 00:01:54]}
11. Nd5 {[%clk 01:14:03]} {[%emt 00:03:59]} Bxd5 {[%clk 01:16:08]} {[%emt
00:00:39]} 12. Bxd5 {[%clk 01:14:22]} {[%emt 00:00:11]} Nc6 {[%clk 01:12:13]}
{[%emt 00:04:25]} 13. O-O {[%clk 01:11:00]} {[%emt 00:03:52]} Rc8 {[%clk
01:11:27]} {[%emt 00:01:16]} 14. c3 {[%clk 00:53:46]} {[%emt 00:17:45]} h6
{[%clk 01:05:08]} {[%emt 00:06:48]} 15. Bh4 {[%clk 00:53:26]} {[%emt 00:00:49]}
a6 {[%clk 00:59:10]} {[%emt 00:06:29]} 16. Qe2 {[%clk 00:45:36]} {[%emt
00:08:20]} b5 {[%clk 00:57:52]} {[%emt 00:01:48]} 17. a4 {[%clk 00:41:38]}
{[%emt 00:04:28]} Rb8 {[%clk 00:46:40]} {[%emt 00:11:42]} 18. Rfd1 {[%clk
00:38:36]} {[%emt 00:03:32]} Qe7 {[%clk 00:45:31]} {[%emt 00:01:39]} 19. axb5
{[%clk 00:34:09]} {[%emt 00:04:58]} axb5 {[%clk 00:40:27]} {[%emt 00:05:34]}
20. Bb3 {[%clk 00:33:17]} {[%emt 00:01:21]} b4 {[%clk 00:35:48]} {[%emt
00:05:09]} 21. Ba4 {[%clk 00:28:17]} {[%emt 00:05:30]} bxc3 {[%clk 00:33:24]}
{[%emt 00:02:55]} 22. bxc3 {[%clk 00:28:29]} {[%emt 00:00:17]} Ra8 {[%clk
00:30:00]} {[%emt 00:03:53]} 23. Bxf6 {[%clk 00:24:53]} {[%emt 00:04:06]} Qxf6
{[%clk 00:26:59]} {[%emt 00:03:32]} 24. Rxd7 {[%clk 00:21:33]} {[%emt
00:03:50]} Ne7 {[%clk 00:26:15]} {[%emt 00:01:14]} 25. Rdd1 {[%clk 00:20:29]}
{[%emt 00:01:35]} Ng6 {[%clk 00:24:06]} {[%emt 00:02:39]} 26. Bc2 {[%clk
00:14:41]} {[%emt 00:06:17]} Rxa1 {[%clk 00:20:31]} {[%emt 00:04:04]} 27. Rxa1
{[%clk 00:14:59]} {[%emt 00:00:13]} Nf4 {[%clk 00:19:50]} {[%emt 00:01:11]} 28.
Qe3 {[%clk 00:12:29]} {[%emt 00:02:56]} Qg5 {[%clk 00:19:23]} {[%emt 00:01:00]}
29. Qf3 {[%clk 00:11:07]} {[%emt 00:01:53]} Rd8 {[%clk 00:17:36]} {[%emt
00:02:14]} 30. Rd1 {[%clk 00:09:25]} {[%emt 00:02:15]} Rc8 {[%clk 00:16:23]}
{[%emt 00:01:40]} 31. Kf1 {[%clk 00:05:07]} {[%emt 00:04:51]} Rxc3 {[%clk
00:13:56]} {[%emt 00:02:58]} 32. Bd3 {[%clk 00:03:38]} {[%emt 00:01:58]} Nxd3
{[%clk 00:12:44]} {[%emt 00:01:42]} 33. Rxd3 {[%clk 00:03:32]} {[%emt
00:00:36]} Rc1+ {[%clk 00:12:11]} {[%emt 00:01:04]} 34. Rd1 {[%clk 00:03:37]}
{[%emt 00:00:25]} Qd2 {[%clk 00:12:27]} {[%emt 00:00:14]} 35. Rxc1 {[%clk
00:03:45]} {[%emt 00:00:21]} Qxc1+ {[%clk 00:12:40]} {[%emt 00:00:17]} 36. Ke2
{[%clk 00:03:43]} {[%emt 00:00:32]} Qc2+ {[%clk 00:12:16]} {[%emt 00:00:54]}
37. Ke1 {[%clk 00:04:04]} {[%emt 00:00:09]} g6 {[%clk 00:12:20]} {[%emt
00:00:25]} 38. Qe2 {[%clk 00:02:12]} {[%emt 00:02:23]} Qb1+ {[%clk 00:12:30]}
{[%emt 00:00:20]} 39. Kd2 {[%clk 00:02:04]} {[%emt 00:00:38]} Kg7 {[%clk
00:12:09]} {[%emt 00:00:51]} 40. Qd3 {[%clk 00:01:11]} {[%emt 00:01:23]} Qb6
{[%clk 00:12:03]} {[%emt 00:00:35]} 41. Ke2 {[%clk 00:00:38]} {[%emt 00:01:03]}
h5 {[%clk 00:12:18]} {[%emt 00:00:16]} 42. Qc3 {[%clk 00:29:52]} {[%emt
00:01:15]} Qd6 {[%clk 00:42:02]} {[%emt 00:00:46]} 43. f4 {[%clk 00:29:04]}
{[%emt 00:01:19]} f6 {[%clk 00:41:48]} {[%emt 00:00:44]} 44. fxe5 {[%clk
00:28:03]} {[%emt 00:01:30]} fxe5 {[%clk 00:41:25]} {[%emt 00:00:53]} 45. Qb3
{[%clk 00:26:35]} {[%emt 00:01:59]} Qa6+ {[%clk 00:40:58]} {[%emt 00:00:56]}
46. Qd3 {[%clk 00:26:05]} {[%emt 00:01:00]} Qf6 {[%clk 00:41:02]} {[%emt
00:00:20]} 47. Qd7+ {[%clk 00:25:39]} {[%emt 00:01:01]} Kh6 {[%clk 00:41:15]}
{[%emt 00:00:19]} 48. g3 {[%clk 00:16:00]} {[%emt 00:10:09]} Kg5 {[%clk
00:41:10]} {[%emt 00:00:34]} 49. h4+ {[%clk 00:14:55]} {[%emt 00:01:36]} Kh6
{[%clk 00:41:25]} {[%emt 00:00:14]} 50. Qc8 {[%clk 00:13:41]} {[%emt 00:01:45]}
Kg7 {[%clk 00:40:28]} {[%emt 00:01:27]} 51. Qd7+ {[%clk 00:11:48]} {[%emt
00:02:22]} Kh6 {[%clk 00:40:12]} {[%emt 00:00:47]} 52. Qd2+ {[%clk 00:10:19]}
{[%emt 00:01:59]} Kg7 {[%clk 00:39:06]} {[%emt 00:01:36]} 53. Qd3 {[%clk
00:10:01]} {[%emt 00:00:48]} g5 {[%clk 00:38:56]} {[%emt 00:00:40]} 54. Qd7+
{[%clk 00:07:31]} {[%emt 00:03:00]} Kh6 {[%clk 00:38:19]} {[%emt 00:01:07]} 55.
hxg5+ {[%clk 00:06:20]} {[%emt 00:01:40]} Kxg5 {[%clk 00:38:12]} {[%emt
00:00:37]} 56. Qd2+ {[%clk 00:05:58]} {[%emt 00:00:51]} Kg4 {[%clk 00:38:19]}
{[%emt 00:00:20]} 57. Qd3 {[%clk 00:06:16]} {[%emt 00:00:17]} h4 {[%clk
00:35:34]} {[%emt 00:03:14]} 58. gxh4 {[%clk 00:05:41]} {[%emt 00:01:05]} Qxh4
{[%clk 00:35:23]} {[%emt 00:00:42]} 59. Qf3+ {[%clk 00:05:54]} {[%emt
00:00:16]} Kg5 {[%clk 00:34:36]} {[%emt 00:01:17]} 60. Qf5+ {[%clk 00:06:06]}
{[%emt 00:00:19]} Kh6 {[%clk 00:34:42]} {[%emt 00:00:24]} 61. Qxe5 {[%clk
00:05:35]} {[%emt 00:01:01]} Qg4+ {[%clk 00:34:02]} {[%emt 00:01:10]} 62. Kd3
{[%clk 00:04:26]} {[%emt 00:01:38]} Qd1+ {[%clk 00:32:54]} {[%emt 00:01:38]}
63. Kc4 {[%clk 00:04:40]} {[%emt 00:00:16]} Qa4+ {[%clk 00:32:24]} {[%emt
00:01:01]} 64. Kd5 {[%clk 00:04:15]} {[%emt 00:00:55]} Qd7+ {[%clk 00:31:00]}
{[%emt 00:01:54]} 65. Qd6+ {[%clk 00:04:32]} {[%emt 00:00:12]} Qxd6+ {[%clk
00:31:04]} {[%emt 00:00:26]} 66. Kxd6 {[%clk 00:04:58]} {[%emt 00:00:04]} Kg6
{[%clk 00:31:17]} {[%emt 00:00:17]} 67. e5 {[%clk 00:05:06]} {[%emt 00:00:22]}
Kf7 {[%clk 00:31:21]} {[%emt 00:00:27]} 68. Kd7 {[%clk 00:05:30]} {[%emt
00:00:05]} Kf8 {[%clk 00:31:26]} {[%emt 00:00:25]} 69. e6 {[%clk 00:05:56]}
{[%emt 00:00:05]} Kg8 {[%clk 00:30:38]} {[%emt 00:01:13]} 70. e7 {[%clk
00:06:22]} {[%emt 00:00:09]} Kf7 {[%clk 00:30:59]} {[%emt 00:00:09]} 71. e8=Q
{[%emt 00:00:07]} Kf6 {[%clk 00:31:12]} {[%emt 00:00:16]} 72. Qe4 {[%clk
00:07:02]} {[%emt 00:00:10]} Kg5 {[%clk 00:31:03]} {[%emt 00:00:38]} 73. Qf3
{[%clk 00:07:25]} {[%emt 00:00:11]} Kg6 {[%clk 00:31:06]} {[%emt 00:00:27]} 74.
Qf4 {[%clk 00:07:34]} {[%emt 00:00:21]} Kg7 {[%clk 00:31:17]} {[%emt 00:00:20]}
75. Qf5 {[%clk 00:07:49]} {[%emt 00:00:15]} Kg8 {[%clk 00:31:28]} {[%emt
00:00:19]} 76. Ke7 {[%clk 00:07:38]} {[%emt 00:00:40]} Kg7 {[%clk 00:31:16]}
{[%emt 00:00:43]} 77. Qg5 {[%clk 00:00:00]} {[%emt 00:01:20]} Kh8 {[%clk
00:30:36]} {[%emt 00:01:04]} 78. Kf7 {[%clk 00:10:28]} {[%emt 00:00:04]} Kh7
{[%clk 00:30:41]} {[%emt 00:00:26]} 79. Qh5 {[%clk 00:10:53]} {[%emt 00:00:04]}
1-0